| 000 | 00562cam a22001811 4500 | ||
|---|---|---|---|
| 001 | 000004089 | ||
| 005 | 20200929150711.0 | ||
| 008 | 760512s1971 mx 000 1 spa | ||
| 040 |
_aDO-SdBNP _bspa _cBNPHU |
||
| 082 |
_axxxx _bB935c |
||
| 100 | 1 |
_aBullard, A. D. _912180 |
|
| 245 | 1 | 3 |
_aLa Choca : _bnovela / _cA. D. Bullard. |
| 260 |
_aMéxico : _bOrganizacion Editorial Novaro, _c[1971]. |
||
| 300 |
_a123 p. ; _c21cm. |
||
| 490 | 1 |
_aGrandes escritores mexicanos _v45 |
|
| 830 | 0 |
_aGrandes escritores mexicanos _v45 _912181 |
|
| 910 | _aCatalogación por copia / LC | ||
| 999 |
_c3907 _d3907 |
||